Oración de quietud /

Compilación de seis artículos en los que se ofrecen técnicas para la oración de quietud que se usa para estar en contacto con Dios si el suplicante se sabe disponer. Se incluyen diferentes maneras de orar con Cristo y con María su madre para prepararse para la oración.

Uloženo v:
Podrobná bibliografie
Další autoři: Pennington, M. Basil (autor) (autor), Ochoa Gómez, Gabriel (presentación) (presentación)
Médium: Kniha
Jazyk:španělština
Edice:(Renovación. Serie Adjunta ; 21)
Témata:
Tagy: Přidat tag
Žádné tagy, Buďte první, kdo vytvoří štítek k tomuto záznamu!

MARC

LEADER 00000nam^a2200000^a^4500
001 000318763
005 20250521000000.0
009 20260310113422.724
037 |a Acervo Xavier Clavigero 
041 |a ESP 
082 |a 242.  |b ORA 
245 0 0 |a Oración de quietud /  |c M.B. Pennington... [et al.] ; presen. de G. Ochoa Gómez. 
264 |a México :  |b Compañía de Jesús, Provincia Mexicana [distribución],  |c 1978 
300 |a 111 p. 
336 |a texto  |b txt  |2 rdacontenido 
337 |a sin mediación  |b n  |2 rdamedio 
338 |a volumen  |b nc  |2 rdasoporte 
440 |a (Renovación.  |p Serie Adjunta ;  |v 21) 
520 |a Compilación de seis artículos en los que se ofrecen técnicas para la oración de quietud que se usa para estar en contacto con Dios si el suplicante se sabe disponer. Se incluyen diferentes maneras de orar con Cristo y con María su madre para prepararse para la oración. 
649 |a XX 
650 |a Oración (Religión) -  |x Tema Principal 
650 |a Virgen María -  |x Meditaciones 
650 |a Jesucristo -  |x Meditaciones 
650 |a Catolicismo 
650 |a Cristianismo 
650 |a Religión 
700 |a Pennington, M. Basil  |e (autor) 
700 |a Ochoa Gómez, Gabriel  |e (presentación) 
910 |a Fondo General 
920 |a Impresos - Libros 
930 |a Colección General 
905 |a 101 
901 |a 045017  |b IT1  |c ACC  |u 20250521 
902 |a https://opac.biblio.iteso.mx/vufind/Record/000318763